000 00937nam a2200289 i 4500
001 13238
003 ES-MaACL
005 20251015164724.0
007 t|
008 980115s1995 sp ||||1| spa d
020 _a84-7769-074-X
080 _a929 Gris, Juan
080 _a75 Gris, Juan (1887-1927)
100 1 _aKahnweiler, Daniel-Henry.
_967430
245 1 0 _aJuan Gris
_b: vida, obra y escritos /
_cDaniel-Henry Kahnweiler ; traducción de José Vivar ; traducción de los escritos de Juan Gris por Juan Eduardo Cirlot.
250 _a1ª ed.
260 _aBarcelona :
_bQuaderns Crema,
_c1995.
300 _a473 p. ;
_c19 cm.
490 1 _aCeret ;
_v1
600 1 4 _aGris, Juan.
_960081
700 1 _aVivar, José.
_9115552
700 1 _aCirlot, Juan-Eduardo,
_d1916-1973
_938898
700 1 _aGris, Juan.
_960081
830 0 _aCeret ;
_v1
_9179454
852 _aES-MaACL
_jL-20569
_bR.125007
999 _c13238
_d13238